000 01069cam a2200241 4500500
005 20251228065643.0
041 _afre
042 _adc
100 1 0 _aBléas, Annie
_eauthor
245 0 0 _aFemmes et santé mentale
260 _c2022.
500 _a35
520 _aÀ partir d’un article de l’ inserm sur les vulnérabilités spécifiques des femmes concernant leur santé mentale pendant la crise Covid, l’autrice évoque de façon plus générale ces vulnérabilités particulières et en étudie trois en particulier : les violences sexuelles et incestueuses, les aléas de la puerpéralité, le burn out maternel.
690 _aburn out
690 _apuerpéralité
690 _asanté mentale
690 _aviolences incestueuses
690 _aviolences sexuelles
690 _aVulnérabilités
690 _aWinnicott
786 0 _nVST - Vie sociale et traitements | 155 | 3 | 2022-07-29 | p. 116-121 | 0396-8669
856 4 1 _uhttps://shs.cairn.info/revue-vie-sociale-et-traitements-2022-3-page-116?lang=fr&redirect-ssocas=7080
999 _c1591964
_d1591964